The world's best cameras

Αποθηκεύτηκε σε:
Λεπτομέρειες βιβλιογραφικής εγγραφής
Μορφή: Βιβλίο
Γλώσσα:Undetermined
Έκδοση: Japan Fuji Poto Film Co., Ltd. 1980
Θέματα:
Ετικέτες: Προσθήκη ετικέτας
Δεν υπάρχουν, Καταχωρήστε ετικέτα πρώτοι!
Thư viện lưu trữ: Trung tâm Học liệu Trường Đại học Cần Thơ
LEADER 00399nam a2200157Ia 4500
001 CTU_98491
008 210402s9999 xx 000 0 und d
082 |a 771.3 
082 |b W927 
245 4 |a The world's best cameras 
260 |a Japan 
260 |b Fuji Poto Film Co., Ltd. 
260 |c 1980 
650 |a Cameras 
904 |i M.Loan 
980 |a Trung tâm Học liệu Trường Đại học Cần Thơ